<?xml version="1.0" encoding="UTF-8"?>
<record
    xmlns:xsi="http://www.w3.org/2001/XMLSchema-instance"
    xsi:schemaLocation="http://www.loc.gov/MARC21/slim http://www.loc.gov/standards/marcxml/schema/MARC21slim.xsd"
    xmlns="http://www.loc.gov/MARC21/slim">

  <leader>00861nam a22001817a 4500</leader>
  <controlfield tag="003">BD-DhUL</controlfield>
  <controlfield tag="005">20180506111250.0</controlfield>
  <controlfield tag="008">180506s2006    nyua|||| |||| 00| 0 eng  </controlfield>
  <datafield tag="020" ind1=" " ind2=" ">
    <subfield code="a">9211337410</subfield>
  </datafield>
  <datafield tag="040" ind1=" " ind2=" ">
    <subfield code="a">D-DhUL</subfield>
    <subfield code="c">D-DhUL</subfield>
  </datafield>
  <datafield tag="082" ind1=" " ind2=" ">
    <subfield code="2">22</subfield>
    <subfield code="a">341</subfield>
    <subfield code="b">UNL</subfield>
  </datafield>
  <datafield tag="110" ind1=" " ind2=" ">
    <subfield code="a">United Nations. Division for Occan Affairs and the Law of the Sea. Office of Legal Affairs</subfield>
  </datafield>
  <datafield tag="245" ind1=" " ind2=" ">
    <subfield code="a">The law of the sea :</subfield>
    <subfield code="b"> training manual for delineation of the outer limits of the continental shelf beyond 200 nautical miles and for preparation of submissions to the commission on the limits of the continental shelf /</subfield>
    <subfield code="c">United Nations. Division for Occan Affairs and the Law of the Sea. Office of Legal Affairs</subfield>
  </datafield>
  <datafield tag="260" ind1=" " ind2=" ">
    <subfield code="a">New York :</subfield>
    <subfield code="b">United Nations,</subfield>
    <subfield code="c">2006.</subfield>
  </datafield>
  <datafield tag="300" ind1=" " ind2=" ">
    <subfield code="a">xix, in various pagings :</subfield>
    <subfield code="b"> ill. (some col.) ;</subfield>
    <subfield code="c"> 28 cm</subfield>
  </datafield>
  <datafield tag="650" ind1=" " ind2="0">
    <subfield code="a">International law</subfield>
  </datafield>
  <datafield tag="942" ind1=" " ind2=" ">
    <subfield code="2">ddc</subfield>
    <subfield code="c">BK</subfield>
  </datafield>
  <datafield tag="999" ind1=" " ind2=" ">
    <subfield code="c">240971</subfield>
    <subfield code="d">240971</subfield>
  </datafield>
  <datafield tag="952" ind1=" " ind2=" ">
    <subfield code="0">0</subfield>
    <subfield code="1">0</subfield>
    <subfield code="2">ddc</subfield>
    <subfield code="4">0</subfield>
    <subfield code="6">341_000000000000000_UNL</subfield>
    <subfield code="7">1</subfield>
    <subfield code="8">NFIC</subfield>
    <subfield code="9">365837</subfield>
    <subfield code="a">DUL</subfield>
    <subfield code="b">DUL</subfield>
    <subfield code="c">UNC</subfield>
    <subfield code="d">2018-05-06</subfield>
    <subfield code="e">Gift</subfield>
    <subfield code="o">341 UNL</subfield>
    <subfield code="p">D22854</subfield>
    <subfield code="r">2018-05-06</subfield>
    <subfield code="w">2018-05-06</subfield>
    <subfield code="y">BK</subfield>
  </datafield>
</record>
